000 00465nam a2200145 4500
999 _c11000
_d11000
008 181003b ||||| |||| 00| 0 eng d
022 _a2094-8042
082 _aDPer 370.105 M72 Jan-Dec 2011 v59-60
100 _931931
_aCastuciano, Kanalee G.
245 _aMy family/
_cKanalee G. Castuciano.
260 _aPhilippines:
_bIn the Grade School, Inc.,
_cc2011.
300 _av60 n7, page 273:
_billustrations;
_c27cm.
650 0 _931932
_aPoetry.
942 _2ddc
_cPER